Architectural drawing and light construction (Record no. 103724)

MARC details
000 -LEADER
fixed length control field 00976cam a2200265 4500
001 - CONTROL NUMBER
control field L127313
008 - FIXED-LENGTH DATA ELEMENTS--GENERAL INFORMATION
fixed length control field 040910n2005 000 0 eng u
020 ## - INTERNATIONAL STANDARD BOOK NUMBER
International Standard Book Number 0131433849
035 ## - SYSTEM CONTROL NUMBER
System control number (Sirsi) u127313
041 ## - LANGUAGE CODE
Language code of text/sound track or separate title eng
050 ## - LIBRARY OF CONGRESS CALL NUMBER
Classification number 720.284
-- 22
100 ## - MAIN ENTRY--PERSONAL NAME
Personal name Muller, Edward J.
245 ## - TITLE STATEMENT
Title Architectural drawing and light construction
250 ## - EDITION STATEMENT
Edition statement 7th ed.
260 ## - PUBLICATION, DISTRIBUTION, ETC.
Place of publication, distribution, etc. Upper Saddle River, New Jersey
Name of publisher, distributor, etc. Pearson Prentice Hall
Date of publication, distribution, etc. 2005
300 ## - PHYSICAL DESCRIPTION
Extent x, 790p.
Other physical details ill.
Dimensions 29cm.
350 ## - PRICE (NR) (BK AM CF MU VM SE) [OBSOLETE]
Price 59.99
520 ## - SUMMARY, ETC.
Summary, etc. Updated edition has no changes in the basic organisation of the material from the previous editions and has additional information from the latest building codes and material suppliers. With numerous illustrations to highlight the key concepts.
590 ## - LOCAL NOTE (RLIN)
Local note IKA210605
650 ## - SUBJECT ADDED ENTRY--TOPICAL TERM
Topical term or geographic name entry element COMPUTER AIDED DESIGN
690 ## - LOCAL SUBJECT ADDED ENTRY--TOPICAL TERM (OCLC, RLIN)
Topical term or geographic name as entry element BUILT ENVIRONMENT-CONSTRUCTION DESIGN-ARCHITECTURAL DESIGN
700 ## - ADDED ENTRY--PERSONAL NAME
Personal name Grau, Philip A.
700 ## - ADDED ENTRY--PERSONAL NAME
Personal name Fausett, James G.
942 ## - ADDED ENTRY ELEMENTS (KOHA)
Suppress in OPAC 0
Holdings
Withdrawn status Lost status Source of classification or shelving scheme Damaged status Not for loan Home library Current library Shelving location Date acquired Cost, normal purchase price Total Checkouts Full call number Barcode Date last seen Copy number Cost, replacement price Price effective from Koha item type
    Dewey Decimal Classification     London London Books 17/06/2005 50.99   720.284 MUL 30070732 06/08/2019 1 50.99 06/08/2019 Book